| 000 | 01170naa a22003257a 4500 | ||
|---|---|---|---|
| 001 | BR9210842 | ||
| 003 | BR-BrBNA | ||
| 005 | 20250721155418.0 | ||
| 007 | ta | ||
| 008 | 250630b bl.|||m| |||| 00| 0 por d | ||
| 040 |
_aBR-BrBNA _bpor _cBiblioteca Nacional de Agricultura |
||
| 041 | _a(Pt) | ||
| 072 |
_aF62; F63; F01 _b1215 _b3575 _bG514 |
||
| 090 | _aF62 BR9210842 | ||
| 100 | 1 | _aMuller, C.H. | |
| 100 | 1 | _aCalzavara, B.B.G. | |
| 111 | 1 |
_a1. Simposio do Tropico Umido _cBelem, PA (Brazil) _d12-17 Nov 1984 |
|
| 245 | 1 | _aCastanha-do-Brasil: conhecimentos atuais | |
| 500 | _aAnais do 1. Simposio do Tropico Umido Brasilia, DF (Brasil): 1986. p. 223-229 [19 ref.; Summaries (En, Pt)] (BR9210842-AMS) | ||
| 773 | 0 |
_tAnais do 1. Simposio do Tropico Umido _b _wF62 BR9210842 _gBrasilia, DF (Brasil), 1986. p. 223-229 |
|
| 650 | _aCASTANHA DO PARA | ||
| 650 | _aSEMENTE | ||
| 650 | _aQUEBRA DA DORMENCIA | ||
| 650 | _aREPRODUCAO VEGETAL | ||
| 650 | _aPOLINIZACAO | ||
| 650 | _aPRATICA CULTURAL | ||
| 490 |
_aDocumentos - Centro de Pesquisa Agropecuaria do Tropico Umido (Brazil) _vno. 36 |
||
| 942 |
_cAMS _2AGRIS |
||
| 909 |
_a202506 _bLúcia _c55 _dLúcia Elande |
||
| 999 |
_c336351 _d336351 |
||